[Event "URS Ch sf"]
[Site "Vilnius LTU"]
[Date "1971.??.??"]
[Round "?"]
[White "Anikaev, Yuri N"]
[Black "Vaganian, Rafael A"]
[Result "1/2-1/2"]
[WhiteElo "2450"]
[BlackElo "2480"]
[PlyCount "87"]
[EventDate "1971.??.??"]
[Source "www.chesslib.no"]
[SourceDate "2004.05.04"]

1. d4 Nf6 2. c4 e6 3. Nc3 Bb4 4. e3 c5 5. Bd3 d5 6. Nf3 O-O 7. O-O Nc6 8. a3 Ba5 9. cxd5 exd5 10. dxc5 Bxc3 11. bxc3 Bg4 12. c4 d4 13. exd4 Bxf3 14. Qxf3 Qxd4 15. Bf4 Qxc5 16. Rab1 b6 17. Qg3 Rfd8 18. Rb5 Qd4 19. Bh6 Ng4 20. Rd1 Nxh6 21. Bxh7+ Kxh7 22. Rxd4 Rxd4 23. h3 Re8 24. Qc3 g6 25. Rd5 Rd8 26. Qxd4 Nxd4 27. Rxd8 Nhf5 28. Rd7 Kg7 29. Rxa7 Nc2 30. a4 Nd6 31. a5 bxa5 32. c5 Nb5 33. Rxa5 Ncd4 34. Ra6 Kf8 35. Rb6 Ke7 36. f4 Nc7 37. g3 Nde6 38. c6 Kd6 39. Kg2 Kc5 40. Rb1 Kxc6 41. Rc1+ Kd6 42. Rd1+ Ke7 43. Kf3 Nb5 44. g4 1/2-1/2

[Event "Alicante op2"]
[Site "Alicante ESP"]
[Date "1989.??.??"]
[Round "?"]
[White "Rodriguez, Orestes"]
[Black "Hector, Jonny"]
[Result "1-0"]
[WhiteElo "2445"]
[BlackElo "2485"]
[PlyCount "71"]
[EventDate "1989.??.??"]
[Source "www.chesslib.no"]
[SourceDate "2004.05.04"]

1. d4 d5 2. c4 e6 3. Nf3 Nf6 4. Nc3 Bb4 5. e3 O-O 6. Bd3 c5 7. O-O Nc6 8. a3 Ba5 9. cxd5 exd5 10. dxc5 Bxc3 11. bxc3 Qa5 12. Rb1 Qxc5 13. Qc2 Bg4 14. Rxb7 Bxf3 15. gxf3 Rae8 16. Rb5 Qd6 17. Kh1 Ne5 18. Be2 Qd7 19. a4 Qh3 20. Qd1 Re6 21. Rg1 Rc8 22. Rg3 Qh4 23. Rb4 Nc4 24. e4 a5 25. Rxc4 dxc4 26. Bg5 Qh5 27. Kg2 Qg6 28. Be3 Qh5 29. f4 Qh4 30. Rh3 Qxh3+ 31. Kxh3 Nxe4 32. Qd7 Rec6 33. Bd4 Nd2 34. Be5 Nb3 35. Bf3 Rh6+ 36. Kg2 1-0

[Event "SWE-chT 0102"]
[Site "?"]
[Date "2002.03.16"]
[Round "10"]
[White "Ahlander Bjorn"]
[Black "Couso Luis"]
[Result "1-0"]
[WhiteElo "2522"]
[BlackElo "2401"]
[PlyCount "71"]
[EventDate "2002.??.??"]
[Source "www.chesslib.no"]
[SourceDate "2004.05.04"]

1. d4 Nf6 2. c4 e6 3. Nc3 Bb4 4. e3 c5 5. Bd3 d5 6. Nf3 Nc6 7. O-O O-O 8. cxd5 exd5 9. h3 c4 10. Bc2 Re8 11. Bd2 a6 12. Re1 b5 13. Re2 Ne4 14. Nxe4 dxe4 15. Ne5 Nxe5 16. dxe5 Bxd2 17. Rxd2 Qh4 18. Rd4 Bf5 19. f4 Rad8 20. Qe1 Qh6 21. Rad1 Rxd4 22. Rxd4 Qg6 23. Kh2 Qc6 24. Qd2 h5 25. Rd6 Qb7 26. Qd1 g6 27. g4 hxg4 28. hxg4 Bc8 29. Kg3 b4 30. Ba4 Rf8 31. Qd4 c3 32. Bb3 Be6 33. Bxe6 c2 34. Qc4 fxe6 35. Rxe6 Kg7 36. Rc6 1-0

[Event "Capablanca mem-B"]
[Site "Cienfuegos"]
[Date "1983.??.??"]
[Round "?"]
[White "Lukov, Valentin"]
[Black "Nogueiras, Jesus"]
[Result "0-1"]
[WhiteElo "2430"]
[BlackElo "2490"]
[PlyCount "118"]
[EventDate "1983.05.??"]
[Source "ChessBase"]

1. d4 Nf6 2. c4 e6 3. Nc3 Bb4 4. e3 O-O 5. Bd3 c5 6. Nf3 d5 7. O-O Nc6 8. a3 Ba5 9. h3 dxc4 10. Bxc4 cxd4 11. exd4 Bb6 12. Be3 Nd5 13. Bg5 f6 14. Bh4 Nce7 15. Qb3 Kh8 16. Rad1 Bd7 17. Rfe1 Ba5 18. Bg3 Rc8 19. Rc1 Rc6 20. Red1 Be8 21. Nxd5 exd5 22. Bd3 Bb6 23. Bb1 Bg6 24. Rxc6 Nxc6 25. Bxg6 hxg6 26. Nh4 Kh7 27. Qd3 Qe8 28. Bd6 Rh8 29. Nf3 Qe4 30. Qxe4 dxe4 31. d5 Na5 32. Ne1 Nc4 33. Be7 e3 34. Nd3 exf2+ 35. Nxf2 Nxb2 36. Rb1 Nc4 37. d6 Ne5 38. a4 Nc6 39. Kf1 Kg8 40. Ne4 Kf7 41. Nc3 Rh5 42. Nb5 Rf5+ 43. Ke1 Re5+ 44. Kf1 Bc5 45. Rd1 Nxe7 46. d7 Nc6 47. d8=Q Nxd8 48. Rxd8 a5 49. Nd6+ Bxd6 50. Rxd6 g5 51. Rb6 Re4 52. Rxb7+ Kg6 53. Ra7 Rxa4 54. g4 Ra3 55. Kg2 a4 56. Kh2 Ra2+ 57. Kg3 a3 58. Kf3 Ra1 59. Kf2 a2 0-1

[Event "Kragujevac"]
[Site "Kragujevac"]
[Date "1984.??.??"]
[Round "2"]
[White "Portisch, Ferenc"]
[Black "Lechtynsky, Jiri"]
[Result "1-0"]
[WhiteElo "2445"]
[BlackElo "2470"]
[PlyCount "69"]
[EventDate "1984.02.??"]
[Source "ChessBase"]

1. d4 Nf6 2. c4 e6 3. Nc3 Bb4 4. e3 O-O 5. Bd3 d5 6. Nf3 c5 7. O-O dxc4 8. Bxc4 Nc6 9. a3 Ba5 10. Na4 cxd4 11. exd4 h6 12. Qd3 Ne7 13. Nc5 Nf5 14. Rd1 Bb6 15. Be3 Nd5 16. Rac1 Ndxe3 17. fxe3 Nh4 18. Qe4 Nxf3+ 19. Qxf3 Qg5 20. Bd3 Rb8 21. Qe4 g6 22. Rf1 Bc7 23. Qf3 Qe7 24. Ne4 f5 25. Nc5 Kg7 26. Bc4 e5 27. Bd5 Bd6 28. Nb3 e4 29. Qf2 f4 30. Nd2 Qg5 31. Ba2 fxe3 32. Qxf8+ Bxf8 33. Rf7+ Kg8 34. Nxe4 Be6 35. Bxe6 1-0

[Event "Closed GM 2004/05"]
[Site "?"]
[Date "2004.12.26"]
[Round "1.2"]
[White "Gonzalez Garcia Jose"]
[Black "Fluvia Poyatos Joan"]
[Result "1-0"]
[WhiteElo "2447"]
[BlackElo "2467"]
[PlyCount "105"]
[EventDate "2004.??.??"]
[Source "www.chesslib.no"]
[SourceDate "2004.05.04"]

1. d4 Nf6 2. c4 e6 3. Nc3 Bb4 4. e3 O-O 5. Bd3 d5 6. Nf3 c5 7. O-O Nc6 8. cxd5 cxd4 9. dxc6 dxc3 10. bxc3 Bxc3 11. Rb1 bxc6 12. Ba3 Re8 13. Qc2 Ba5 14. Rfd1 Bd7 15. Ne5 g6 16. Nxd7 Nxd7 17. Be4 Qc8 18. Qxc6 Nf6 19. Qxa8 Qxa8 20. Bxa8 Rxa8 21. Rb7 Bb6 22. Bd6 Rd8 23. Rb8 Rxb8 24. Bxb8 Kf8 25. Be5 Nd5 26. e4 Ne7 27. Bd6 Ke8 28. Bxe7 Kxe7 29. Kf1 f5 30. f3 Kf6 31. Rd7 h5 32. exf5 exf5 33. Rd6+ Kg5 34. h4+ Kxh4 35. Rxg6 f4 36. Ke2 Bc5 37. Kd3 Bb4 38. Ke4 Bd2 39. Kf5 a5 40. Rg5 a4 41. Kg6 a3 42. Rd5 Bc1 43. Rxh5+ Kg3 44. Rg5+ Kf2 45. Kf5 Ke3 46. Rg8 Kd3 47. Rc8 Be3 48. Kg4 Bd2 49. g3 fxg3 50. Kxg3 Bc3 51. f4 Kc2 52. f5 Kb2 53. Rxc3 1-0

[Event "Yerevan"]
[Site "Yerevan"]
[Date "1982.??.??"]
[Round "15"]
[White "Vladimirov, Evgeny"]
[Black "Grigorian, Karen Ashotovich"]
[Result "1/2-1/2"]
[WhiteElo "2495"]
[BlackElo "2415"]
[PlyCount "27"]
[EventDate "1982.??.??"]
[Source "ChessBase"]

1. d4 Nf6 2. c4 e6 3. Nc3 Bb4 4. e3 c5 5. Bd3 Nc6 6. Nf3 d5 7. O-O dxc4 8. Bxc4 O-O 9. a3 Ba5 10. Bd3 cxd4 11. exd4 Bb6 12. Be3 Nd5 13. Nxd5 exd5 14. h3 1/2-1/2

[Event "Tastrup"]
[Site "Tastrup"]
[Date "1990.??.??"]
[Round "8"]
[White "Hoi, Carsten"]
[Black "Hector, Jonny"]
[Result "1-0"]
[WhiteElo "2445"]
[BlackElo "2465"]
[PlyCount "65"]
[EventDate "1990.02.??"]
[Source "ChessBase"]

1. d4 d5 2. Nf3 Nf6 3. c4 e6 4. Nc3 Bb4 5. e3 O-O 6. Bd3 c5 7. O-O Nc6 8. a3 Ba5 9. h3 Qe7 10. Qe2 Rd8 11. Rd1 cxd4 12. exd4 dxc4 13. Bxc4 Bb6 14. Bg5 Bxd4 15. Ne4 h6 16. Bh4 g5 17. Bg3 Nxe4 18. Qxe4 Bxb2 19. Rxd8+ Qxd8 20. Rb1 Bg7 21. h4 gxh4 22. Bxh4 Qd7 23. Bg3 Qe7 24. Ne5 Qc5 25. Nxf7 Nd4 26. Ne5 Nc6 27. Nxc6 Qxc6 28. Qg6 Qd7 29. Be5 Qf7 30. Qg3 Kh8 31. Rd1 Kh7 32. Rd8 h5 33. Bd3+ 1-0

[Event "Bratislava"]
[Site "Bratislava"]
[Date "1983.??.??"]
[Round "4"]
[White "Portisch, Ferenc"]
[Black "Lechtynsky, Jiri"]
[Result "1-0"]
[WhiteElo "2435"]
[BlackElo "2475"]
[PlyCount "48"]
[EventDate "1983.09.??"]
[Source "ChessBase"]

1. d4 Nf6 2. c4 e6 3. Nc3 Bb4 4. e3 O-O 5. Bd3 d5 6. Nf3 c5 7. O-O dxc4 8. Bxc4 Nc6 9. a3 Ba5 10. Qd3 a6 11. Ne4 Nxe4 12. Qxe4 Bb6 13. dxc5 Bxc5 14. Bd2 Qe7 15. Bc3 Rd8 16. Rad1 Bd7 17. Qg4 Qf8 18. Ng5 Be8 19. Bxe6 fxe6 20. Nxe6 h5 21. Qg3 Qe7 22. Nxc5 g6 23. Nd3 Kh7 24. Nf4 h4 1-0

[Event "Madrid"]
[Site "Madrid"]
[Date "1973.??.??"]
[Round "5"]
[White "Calvo Minguez, Ricardo"]
[Black "Pomar Salamanca, Arturo"]
[Result "1/2-1/2"]
[WhiteElo "2470"]
[BlackElo "2435"]
[PlyCount "59"]
[EventDate "1973.??.??"]
[Source "ChessBase"]

1. d4 Nf6 2. c4 e6 3. Nc3 Bb4 4. e3 O-O 5. Bd3 d5 6. Nf3 c5 7. O-O dxc4 8. Bxc4 Nc6 9. a3 Ba5 10. Ne2 Qe7 11. Qc2 Bc7 12. dxc5 Qxc5 13. b4 Qe7 14. Bb2 Bd7 15. Rad1 Rac8 16. Bxf6 gxf6 17. e4 Ne5 18. Nxe5 fxe5 19. Rd3 Kh8 20. Qd2 Bc6 21. Nc3 Rfd8 22. Bb5 Bxb5 23. Nxb5 Rxd3 24. Qxd3 Bb6 25. h3 a6 26. Nc3 Qf6 27. Qd6 Bd4 28. Ne2 Qd8 29. Qxd8+ Rxd8 30. Nxd4 1/2-1/2

[Event "Sonnevanck-A"]
[Site "Wijk aan Zee NED"]
[Date "1995.??.??"]
[Round "4"]
[White "Peng Zhaoqin"]
[Black "Nijboer, Friso"]
[Result "0-1"]
[WhiteElo "2395"]
[BlackElo "2510"]
[PlyCount "104"]
[EventDate "1995.02.??"]
[Source "www.chesslib.no"]
[SourceDate "2004.05.04"]

1. d4 Nf6 2. c4 e6 3. Nc3 Bb4 4. e3 O-O 5. Bd3 c5 6. Nf3 d5 7. O-O Nc6 8. dxc5 Bxc5 9. a3 Be7 10. b4 dxc4 11. Bxc4 Qxd1 12. Rxd1 Bd7 13. Bb2 Rfd8 14. h3 Be8 15. e4 Rxd1+ 16. Rxd1 Rc8 17. Bb3 Nd7 18. Nb5 a5 19. Nd6 Bxd6 20. Rxd6 axb4 21. axb4 Nxb4 22. Ba3 Nc6 23. Nd2 Ra8 24. Bb2 Nc5 25. Bc4 Na4 26. Ba1 Nb6 27. Bb2 Nxc4 28. Nxc4 f6 29. Na3 e5 30. f3 Ra4 31. Rd5 Ne7 32. Rc5 Bc6 33. Nc4 Kf7 34. Bc3 Ke6 35. Ne3 Kd6 36. Ra5 Rxa5 37. Bxa5 Kc5 38. Kf2 b6 39. Bc3 b5 40. Ke2 b4 41. Be1 Bb5+ 42. Kd2 Nc6 43. Kc2 Nd4+ 44. Kb2 Bc4 45. h4 Kb5 46. Bd2 Nb3 47. Be1 Nc5 48. Bd2 Na4+ 49. Kc1 b3 50. Nd1 Bf1 51. g3 Be2 52. f4 Bxd1 0-1

[Event "HUN Team Ch"]
[Site "HUN"]
[Date "1993.??.??"]
[Round "?"]
[White "Portisch, Ferenc"]
[Black "Tolnai, Tibor"]
[Result "1/2-1/2"]
[WhiteElo "2400"]
[BlackElo "2500"]
[PlyCount "158"]
[EventDate "1993.??.??"]
[Source "www.chesslib.no"]
[SourceDate "2004.05.04"]

1. d4 Nf6 2. c4 e6 3. Nc3 Bb4 4. e3 O-O 5. Bd3 d5 6. Nf3 c5 7. O-O Nc6 8. Ne2 cxd4 9. Nexd4 Nxd4 10. Nxd4 e5 11. Nc2 Be7 12. b3 Bg4 13. f3 Be6 14. cxd5 Nxd5 15. Bb2 Qb6 16. Kh1 Rfd8 17. Qe2 Bf6 18. Be4 Rac8 19. Rfd1 Nc3 20. Rxd8+ Bxd8 21. Bxc3 Rxc3 22. Qd2 Rc8 23. Qb4 f5 24. Qxb6 Bxb6 25. Bd3 Rc3 26. Rd1 Kf8 27. e4 f4 28. Na3 a6 29. g3 g5 30. Kg2 Ke7 31. Nb1 Rc8 32. Na3 h5 33. Nc4 Bd4 34. h3 b5 35. Na3 Bb6 36. Nc2 Bc5 37. g4 Bd6 38. Rd2 Bd7 39. Be2 a5 40. Ne1 hxg4 41. hxg4 Bb4 42. Rxd7+ Kxd7 43. Bxb5+ Kd6 44. Nd3 Rc2+ 45. Kf1 Rxa2 46. Bc4 Bc3 47. Bb5 Kc7 48. Bc4 Kb6 49. Bd5 Rd2 50. Bc4 Kc7 51. Bb5 Kd6 52. Bc4 Bb4 53. Bb5 Rc2 54. Bc4 a4 55. Nxb4 axb3 56. Bxb3 Rb2 57. Nd3 Rxb3 58. Ke2 Ra3 59. Kd2 Ra2+ 60. Ke1 Ra5 61. Kd2 Kc6 62. Kd1 Kb6 63. Kd2 Rb5 64. Kc3 Kc6 65. Kc4 Ra5 66. Kb4 Kb6 67. Kb3 Ra1 68. Kc4 Ra4+ 69. Kb3 Ra5 70. Kc4 Rb5 71. Kc3 Ka6 72. Kc4 Ka5 73. Kc3 Ka4 74. Kc4 Ra5 75. Kc3 Ka3 76. Kc4 Ra4+ 77. Kc3 Ra5 78. Kc4 Ka4 79. Nb2+ Ka3 1/2-1/2

[Event "POL-DDR"]
[Site "Zakopane POL"]
[Date "1974.??.??"]
[Round "4"]
[White "Knaak, Rainer F A"]
[Black "Kostro, Jerzy"]
[Result "0-1"]
[WhiteElo "2515"]
[BlackElo "2385"]
[PlyCount "98"]
[EventDate "1974.05.??"]
[Source "www.chesslib.no"]
[SourceDate "2004.05.04"]

1. d4 Nf6 2. c4 e6 3. Nc3 Bb4 4. e3 O-O 5. Bd3 c5 6. Nf3 d5 7. O-O dxc4 8. Bxc4 Nc6 9. a3 Ba5 10. Qd3 a6 11. Rd1 b5 12. Ba2 Bb6 13. Qe2 Qe7 14. dxc5 Bxc5 15. b4 Ba7 16. h3 Bb7 17. e4 h6 18. e5 Nd7 19. Bf4 Rfd8 20. Ne4 Bb8 21. Qe3 Ncxe5 22. Nxe5 Nxe5 23. Nc5 Ng6 24. Rxd8+ Qxd8 25. Bxb8 Rxb8 26. Re1 Qd6 27. Bb1 Nf8 28. Qc3 Ba8 29. Bc2 Rc8 30. Re3 Nd7 31. Rd3 Bd5 32. Rg3 Qe5 33. Qd3 Nf6 34. Re3 Qb2 35. Qd2 Ne4 36. Rxe4 Bxe4 37. Qd7 Qc1+ 38. Kh2 Qf4+ 39. Kg1 Rxc5 40. Qe8+ Kh7 41. Bxe4+ Qxe4 42. bxc5 Qe1+ 43. Kh2 Qe5+ 44. g3 Qxc5 45. Qxf7 Qxa3 46. Qxe6 Qf3 47. Kg1 a5 48. Qa2 Qd1+ 49. Kg2 a4 0-1

[Event "Wattens op 14th"]
[Site "Wattens"]
[Date "1999.??.??"]
[Round "4"]
[White "Portisch, Ferenc"]
[Black "Teske, Henrik"]
[Result "1/2-1/2"]
[WhiteElo "2385"]
[BlackElo "2515"]
[PlyCount "23"]
[EventDate "1999.??.??"]
[Source "www.chesslib.no"]
[SourceDate "2004.05.04"]

1. d4 Nf6 2. c4 e6 3. Nc3 Bb4 4. e3 c5 5. Bd3 d5 6. Nf3 Nc6 7. O-O O-O 8. Ne2 cxd4 9. cxd5 Qxd5 10. Nexd4 Nxd4 11. Nxd4 Rd8 12. Qe2 1/2-1/2

[Event "Teeside"]
[Site "Teeside"]
[Date "1972.??.??"]
[Round "7"]
[White "Wade, Robert Graham"]
[Black "Parma, Bruno"]
[Result "1/2-1/2"]
[WhiteElo "2365"]
[BlackElo "2530"]
[PlyCount "40"]
[EventDate "1972.??.??"]
[Source "ChessBase"]

1. d4 Nf6 2. c4 e6 3. Nc3 Bb4 4. e3 c5 5. Bd3 O-O 6. Nf3 d5 7. O-O dxc4 8. Bxc4 Nc6 9. a3 Ba5 10. Bd3 cxd4 11. exd4 Bb6 12. Be3 Nd5 13. Nxd5 Qxd5 14. Qc2 Qh5 15. Rad1 Bd7 16. Be2 Qg6 17. Qxg6 hxg6 18. d5 exd5 19. Bxb6 axb6 20. Rxd5 Rfe8 1/2-1/2

[Event "Haifa ol (Men)"]
[Site "Haifa ISR"]
[Date "1976.??.??"]
[Round "12"]
[White "Donner, Jan-Hein"]
[Black "Amos, Bruce M"]
[Result "0-1"]
[WhiteElo "2475"]
[BlackElo "2420"]
[PlyCount "96"]
[EventDate "1976.11.??"]
[Source "www.chesslib.no"]
[SourceDate "2004.05.04"]

1. d4 Nf6 2. c4 e6 3. Nc3 Bb4 4. e3 O-O 5. Bd3 d5 6. Nf3 c5 7. O-O dxc4 8. Bxc4 Nc6 9. a3 Ba5 10. Bd3 a6 11. Ne4 cxd4 12. exd4 h6 13. Be3 Bd7 14. Qe2 Nxe4 15. Bxe4 Ne7 16. Bd3 Bc6 17. Ne5 Bc7 18. Nxc6 Nxc6 19. Rad1 Qf6 20. Qg4 Rfd8 21. Qe4 g6 22. Bc4 Rd7 23. d5 exd5 24. Rxd5 Re7 25. Qc2 Rae8 26. g3 Ne5 27. Be2 Nf3+ 28. Kg2 Ng5 29. Bg4 Bb6 30. Bxg5 hxg5 31. Qd2 Re4 32. Rd6 Qe5 33. f4 Qb5 34. a4 Re2+ 35. Bxe2 Rxe2+ 36. Rf2 Rxd2 37. Rfxd2 Qb4 38. fxg5 Be3 39. Rd8+ Kg7 40. R2d5 Qxb2+ 41. Kh3 Qe2 42. Re5 Qh5+ 43. Kg2 Qe2+ 44. Kh3 Qf1+ 45. Kh4 Qc4+ 46. Kh3 Qc7 47. Rdd5 Qc8+ 48. Kg2 Qc6 0-1

[Event "Makarczyk mem"]
[Site "Lodz"]
[Date "1978.??.??"]
[Round "7"]
[White "Lukacs, Peter"]
[Black "Lengyel, Levente"]
[Result "1/2-1/2"]
[WhiteElo "2460"]
[BlackElo "2430"]
[PlyCount "35"]
[EventDate "1978.04.??"]
[Source "ChessBase"]

1. d4 Nf6 2. c4 e6 3. Nc3 Bb4 4. e3 c5 5. Bd3 d5 6. Nf3 O-O 7. O-O Nc6 8. a3 dxc4 9. Bxc4 Ba5 10. Bd3 h6 11. dxc5 Bxc3 12. bxc3 Qa5 13. Qc2 Qxc5 14. a4 Rd8 15. Ba3 Qa5 16. Rab1 e5 17. Bb5 Qc7 18. Bxc6 1/2-1/2

[Event "Bermuda-A"]
[Site "Bermuda"]
[Date "2002.01.25"]
[Round "5"]
[White "Johannessen, Leif Erlend"]
[Black "Ernst, Sipke"]
[Result "0-1"]
[WhiteElo "2427"]
[BlackElo "2459"]
[PlyCount "70"]
[EventDate "2002.01.21"]
[Source "ChessBase"]
[SourceDate "2002.03.21"]

1. d4 Nf6 2. c4 e6 3. Nc3 Bb4 4. e3 O-O 5. Bd3 d5 6. Nf3 c5 7. O-O Nc6 8. a3 Ba5 9. Na4 cxd4 10. exd4 dxc4 11. Bxc4 Qd6 12. Be3 Ne7 13. Rc1 Rd8 14. Qe2 Bc7 15. Bg5 b5 16. Bxb5 Bb7 17. Qe5 Ng6 18. Qxd6 Bxd6 19. Bc6 Rab8 20. Bxb7 Rxb7 21. Rc4 Bf4 22. Bxf4 Nxf4 23. Rc2 g5 24. Nxg5 Rxd4 25. b4 Rb5 26. Rc8+ Kg7 27. Nc5 a5 28. Rc7 Kg6 29. Nxf7 axb4 30. axb4 Rdxb4 31. Nh8+ Kf5 32. Re1 Rb1 33. Kf1 e5 34. Na4 Ne4 35. Rcc1 Nd2+ 0-1

[Event "RUS-CHN match"]
[Site "Moscow"]
[Date "2004.08.12"]
[Round "3.7"]
[White "Zayatz, Elena"]
[Black "Xu Yuhua"]
[Result "0-1"]
[WhiteElo "2405"]
[BlackElo "2472"]
[PlyCount "92"]
[EventDate "2004.08.10"]
[Source "Roberto Alvarez"]
[SourceDate "2004.08.24"]

1. d4 Nf6 2. c4 e6 3. Nc3 Bb4 4. e3 O-O 5. Bd3 d5 6. Nf3 c5 7. O-O Nc6 8. cxd5 exd5 9. dxc5 Bxc5 10. b3 Qe7 11. Bb2 Rd8 12. Nb5 Ne4 13. Nbd4 Bd6 14. Rc1 Bd7 15. Bb1 a6 16. Ne1 Rac8 17. f4 Bb4 18. Qd3 Bd2 19. Nxc6 Bxc6 20. Qd4 f6 21. Rc2 Ba5 22. Nf3 Nd6 23. Rcc1 Re8 24. Kf2 Rcd8 25. a4 Ne4+ 26. Kg1 Bb4 27. Qd3 g6 28. Bd4 Rc8 29. Qd1 Ba3 30. Rc2 b5 31. Ra2 Bb4 32. Bxe4 dxe4 33. Nd2 Red8 34. Qa1 Rd6 35. Rc1 Rcd8 36. Nf1 Qe6 37. axb5 Bxb5 38. Nd2 Rxd4 39. exd4 e3 40. Nc4 e2 41. Re1 Bxc4 42. bxc4 Qe3+ 43. Kh1 Bxe1 44. Qxe1 Re8 45. h3 Qd3 46. Ra1 Qxd4 0-1

[Event "Tch (Men) 2005/2006 AUT"]
[Site "?"]
[Date "2005.12.02"]
[Round "3"]
[White "Novkovic Milan"]
[Black "Volke Karsten"]
[Result "0-1"]
[WhiteElo "2402"]
[BlackElo "2473"]
[PlyCount "38"]
[EventDate "2005.??.??"]
[Source "www.chesslib.no"]
[SourceDate "2004.05.04"]

1. d4 Nf6 2. c4 e6 3. Nc3 Bb4 4. e3 d5 5. Nf3 O-O 6. Bd3 c5 7. O-O Nc6 8. dxc5 Bxc5 9. a3 a5 10. b3 Qe7 11. Bb2 Rd8 12. Qc2 h6 13. Rfd1 Bd7 14. cxd5 exd5 15. Na4 Ba7 16. Bf5 Rac8 17. Bxd7 Rxd7 18. Bd4 b5 19. Nb6 Bxb6 0-1